Kraków - linia tramwajowa nr 2 - Statystyki

Ogólne statystyki
  • Ten quiz został rozwiązany 43 razy
  • Średni wynik to 10 z 12
Statystyki odpowiedzi
Hint Odpowiedź % Poprawnych
Pętla Salwator (01)
100%
Pętla Cmentarz Rakowicki
86%
4. Filharmonia
86%
3. Jubilat
86%
8. Lubicz
86%
5. Teatr Bagatela
86%
7. Teatr Słowackiego
86%
6. Stary Kleparz
81%
9. Uniwersytet Ekonomiczny
81%
2. Komorowskiego
76%
1. Salwator (02)
71%
10. Muzeum Fotografii
67%
Nie znaleziono quizów pasujących do podanych kryteriów
Rozkład punktacji
Procent ludzi z każdym wynikiem
Percentyl według liczby udzielonych odpowiedzi
Twoja historia wyników
Nie rozwiązałeś tego quizu